000 00272nam a22001217a 4500
008 180806b xxu||||| |||| 00| 0 eng d
082 _a813.52
245 _aPlanet earth
_cBRITANNICA
260 _c2008
300 _a1
_fCD
440 _xC8ZA1A7EA0034017
942 _2ddc
_cMX
999 _c46818
_d46818